000
00315nam a2200133Ia 4500
100
_a
Yakowitz/ S./ Sqidarovszky/ F.
942
_c
BK
654
_a
numerical computations
245
_a
Introd. to numerical computations
260
_b
Macmillan
_a
New York
_c
1990
300
_a
462
546
_a
ENGLISH
999
_c
21232
_d
21232